000 01219nam a2200169 4500
999 _c1574
_d1574
020 _a1578515556
050 _aHD2746.5
_b.H373
100 _aHarvard Business Review
245 _aHarvard business review on mergers and acquisitions
260 _aBoston
_bHarvard Business School Pub. Corp.
_c2001
300 _avii, 220p.
_c21cm
440 _aThe Harvard Business Review Paperback Series
500 _aIncludes index
505 _aLessons from master acquirers : a CEO roundtable on making mergers succeed / Dennis Carey -- The fine art of friendly acquisition / Robert J. Aiello and Michael D. Watkins -- Are you paying too much for that acquisition? / Robert G. Eccles, Kersten L. Lanes, and Thomas C. Wilson -- Stock or cash? The trade-offs for buyers and sellers in mergers and acquisitions / Alfred Rappaport and Mark L. Sirower -- Can this merger be saved? / Sarah Cliffe -- Who goes, who stays? / David A. Light -- Making the deal real : how GE Capital integrates acquisitions / Ronald N. Ashkenas, Lawrence J. Demonaco, and Suzanne C. Francis -- Integration managers / Ronald N. Ashkenas and Suzanne C. Francis.
650 _aConsolidation and merger of corporations.
942 _cBK